Insectos y ácaros perjudiciales al cultivo del girasol y sus enemigos naturales /

Guardado en:
Autor Principal: Saini, Esteban Daniel
Formato: Libro
Publicado: Buenos Aires : Inta, 2004
Series:Publicación del Instituto de Microbiología y Zoología Agrícola Nº 8
Materias:
Etiquetas: Agregar Etiqueta
Sin Etiquetas, Sea el primero en etiquetar este registro!
LEADER 00632nam a22001815a 4500
001 CEM.cems017279
005 20091113094838.0
008 130507s2004##################000#0#####d
003 CEMS
082 0 4 |a 632.7 
100 1 |a Saini, Esteban Daniel 
245 1 0 |a Insectos y ácaros perjudiciales al cultivo del girasol y sus enemigos naturales /  |c Esteban Daniel Saini 
260 |a Buenos Aires :  |b Inta,  |c 2004 
300 |a 68 p. 
490 0 |a Publicación del Instituto de Microbiología y Zoología Agrícola Nº 8 
653 |a Plagas 
653 |a Girasol-enemigos naturales 
859 |a CEMS  |b BIB. CEMS - Agricultura  |h 632.7  |i Sa218-2  |p A1094.09  |t Ej.1